000 00469nam a2200193Ia 4500
005 20250423100943.0
008 250422s9999 xx 000 0 und d
020 _a978-007-126782-3
050 _aQA 76.758 .P74/
100 _aPressman, Roger S.
245 0 _aSoftware engineering: a practitioner's approach
250 _a7th ed.
260 _aNew York
260 _bMcGraw-Hill
260 _c2010
300 _a895 p
650 _aEngineering
942 _cBK
999 _c34846
_d34846